5HLuxD.jpg

KING HENRY VIII SENIOR AND PRIMARY SCHOOL LIBRARY OPAC

The boy on the bridge / (Record no. 970)

000 -LEADER
fixed length control field 00791nam a22001937a 4500
005 - DATE AND TIME OF LATEST TRANSACTION
control field 20200122112738.0
008 - FIXED-LENGTH DATA ELEMENTS--GENERAL INFORMATION
fixed length control field 200122b ||||| |||| 00| 0 eng d
020 ## - INTERNATIONAL STANDARD BOOK NUMBER
International Standard Book Number 9780356503561
040 ## - CATALOGING SOURCE
Transcribing agency KH8
082 ## - DEWEY DECIMAL CLASSIFICATION NUMBER
Classification number FIC CAR
100 ## - MAIN ENTRY--PERSONAL NAME
Personal name Carey, M.R .
Relator term author
245 ## - TITLE STATEMENT
Title The boy on the bridge /
Statement of responsibility, etc. M R Carey.
260 ## - PUBLICATION, DISTRIBUTION, ETC.
Place of publication, distribution, etc. London :
Name of publisher, distributor, etc. Orbit,
Date of publication, distribution, etc. 2018. ©2017.
300 ## - PHYSICAL DESCRIPTION
Extent 458 pages ;
Dimensions 20 cm.
520 ## - SUMMARY, ETC.
Summary, etc. Once upon a time, in a land blighted by terror, there was a very clever boy. The people thought the boy could save them, so they opened their gates and sent him out into the world. To where the monsters lived. In The Boy on the Bridge M. R. Carey returns to the world of The Girl With All the Gifts.
650 ## - SUBJECT ADDED ENTRY--TOPICAL TERM
Topical term or geographic name entry element Boys
Form subdivision Fiction.
650 ## - SUBJECT ADDED ENTRY--TOPICAL TERM
Topical term or geographic name entry element Monsters
Form subdivision Fiction.
942 ## - ADDED ENTRY ELEMENTS (KOHA)
Source of classification or shelving scheme
Koha item type Books - Fiction
Holdings
Withdrawn status Lost status Source of classification or shelving scheme Damaged status Not for loan Collection code Permanent Location Current Location Shelving location Date acquired Total Checkouts Total Renewals Full call number Barcode Date last seen Date last checked out Price effective from Koha item type
          Fiction KH8 Senior School Library KH8 Senior School Library Fiction 2020-01-22 1 1 FIC CAR 3KHSL000101715 2024-07-16 2020-02-17 2020-01-22 Books - Fiction

Powered By KH8 IT Dept